000 00798cam a22002651 4500
999 _c129130
_d129130
001 290229
003 ARRUPE
005 20190306091329.0
008 710519s1968 enkbf b 000 0 eng
010 _a 68118078
015 _aB68-16784
020 _a009087160X
040 _aDLC
_cDLC
_dDLC
043 _afw-----
050 0 0 _aDT476.2
_b.C76
082 0 0 _a966
100 1 _aCrowder, Michael,
_d1934-1988.
_930540
245 1 0 _aWest Africa under colonial rule.
_cMichael Crowder
260 _aLondon,
_bHutchinson,
_c1968.
300 _axv, 540 p. ;
_bfold. plate, maps (1 col.)
_c24 cm.
350 _a84/-
504 _aIncludes bibliographical references.
651 0 _aAfrica, West
_xHistory
_y1884-1960.
_929271
906 _a7
_bcbc
_corignew
_du
_encip
_f19
_gy-gencatlg
942 _2lcc
_cMONOGRAPH